Представление документа в формате RUSMARC

ПолеНазваниеЗначение
  Тип записи a
  Библиографический уровень a
001 Контрольный номер 0dc5a07d60ad4745a64cf42a369da5ba
005 Дата корректировки 20260422165855.9
100 Данные общей обработки __
a Данные общей обработки 20260422 ||| 0rusy0189 ca
101 Язык документа 0_
a Язык текста rus
102 Страна публикации __
a Страна публикации RU
200 Заглавие и сведения об ответственности 1_
a Заглавие Воробьиный язык
e Сведения, относящиеся к заглавию рассказ
f Первые сведения об ответственности С. Георгиев
g Последующие сведения об ответственности рис. Д. Лапшиной
461 Уровень набора _0
1 2000
a Мурзилка
463 Уровень физической единицы _0
1 2000
b Текст
a № 3
v С. 3-4 : ил.
1 2101
d 2026
1 001e5a4a370ade8443c91eebb364df784a2
606 Тематические рубрики 0_
a Основная рубрика Русская литература - 21 в.
610 Ключевые слова 0_
a Ключевые слова русская литература, детская литература, рассказы для детей, дети (х. л.), птицы (х. л.), мальчики (х. л.), девочки (х. л.), воробьи (х. л.), первая любовь (х. л.)
686 Индексы других классификаций __
a Классификационный индекс Р2
700 Автор _1
a Фамилия Георгиев
b Имя (инициалы) С.
g Полное личное имя Сергей
801 Источник записи _0
a Страна RU
b Организация УОБДЮ
c Дата составления 20260422
g Правила каталогизации RCR
801 Источник записи _1
a Страна RU
b Организация УОБДЮ
c Дата составления 20260422
g Правила каталогизации RCR
901 Тип документа __
t Тип документа b
w Контрольный № источника e5a4a370ade8443c91eebb364df784a2
905 Данные по созданию БЗ __
b Логин пользователя, который создал БЗ ibo3